000
00296 a2200133 4500
005
20250702070808.0
020
_a
978-1-444-79759-6
082
_a
823.92
100
_a
GLENCROSS, T.
245
_a
Hoffer.
260
_a
Great Britain
_b
MURRAY, J.
_c
2017.
300
_a
225p.:
_c
26cm
942
_2
ddc
_c
BKS
999
_c
6525
_d
6525